Terapeutické metódy pri onkologických ochoreniach (fyzikálno - chemické aspekty) bakalárska práca

Salvato in:
Dettagli Bibliografici
Autore principale: Marčeková, Michaela
Natura: Libro
Lingua:slovacco
Pubblicazione: Bratislava STU FCHPT 2017
Accesso online:Visualizza in OPAC
Tags: Aggiungi Tag
Nessun Tag, puoi essere il primo ad aggiungerne!!

MARC

LEADER 00000nam a2200000 a 4500
005 20260127134236.0
008 171124 2017 xo 001 0 slo d
035 |a vtls011722454 
039 9 |y 201711241201  |z mschk03 
040 |a STUSCHK1  |b slo  |c STUSCHK1  |e AACR2 
100 1 |a Marčeková, Michaela 
245 1 |a Terapeutické metódy pri onkologických ochoreniach (fyzikálno - chemické aspekty)  |b bakalárska práca  |c Michaela Marčeková 
260 |a Bratislava  |b STU FCHPT  |c 2017 
300 |a 55 s.  |b il.  |c 25 cm 
500 |a Študijný program: chémia, medicínska chémia a chemické materiály 
500 |a Študijný odbor: chémia, chemické technológie 
500 |a Školiace pracovisko: Ústav fyzikálnej chémie a chemickej fyziky 
500 |a Evidenčné číslo: FCHPT-13569-76386 
910 |a SCHK95 
999 |c 7620  |d 7620